| 000 | 00541nam a22002057a 4500 | ||
|---|---|---|---|
| 003 | UUm | ||
| 005 | 20151029095129.0 | ||
| 008 | 130311t xxu||||| |||| 00| 0 eng d | ||
| 020 | _a0224012061 (pbk.) | ||
| 050 |
_aPQ 8097 _b.N454 1969 |
||
| 082 |
_aIB 861 _bN35t 1993 |
||
| 100 | _aNeruda, Pablo | ||
| 245 |
_aTwenty love poems and a song of despair / _cPablo Neruda, translated by W.S. Merwin. |
||
| 260 |
_aLondon _bCape _c1969 |
||
| 300 |
_a69 p. ; _c19 cm. |
||
| 562 | _e1 | ||
| 942 |
_2lcc _cBK |
||
| 999 |
_c2316 _d2316 |
||